Exploring agrodiversity

Αποθηκεύτηκε σε:
Λεπτομέρειες βιβλιογραφικής εγγραφής
Κύριος συγγραφέας: Brookfield, H. C.
Μορφή: Βιβλίο
Γλώσσα:English
Δημοσίευση: New York : Columbia University Press, 2001
Σειρά:Issues, cases and methods in biodiversity conservation
Θέματα:
Ετικέτες: Προσθήκη ετικέτας
Δεν υπάρχουν, Καταχωρήστε ετικέτα πρώτοι!

MARC

LEADER 00000nam a2200000 i 4500
001 1/75340
008 050414s2001 eng d
020 |a 0-231-10233-X 
035 |l 10077677 
040 |a GR-MY-UA  |b gre  |e aacr 
041 0 |a eng 
082 0 |a 333.95  |2 (22) 
100 1 |a Brookfield, H. C. 
245 1 0 |a Exploring agrodiversity /  |c Harold Brookfield 
260 |a New York :   |b Columbia University Press,   |c 2001 
300 |a xix, 348 σ.;  |b εικ., χαρτ.;  |c 26 εκ. 
490 1 |a Issues, cases and methods in biodiversity conservation 
504 |a Περιέχει βιβλιογραφία και ευρετήριο 
650 0 0 |a Agrobiodiversity. 
830 0 |a Issues, cases and methods in biodiversity conservation 
852 |a INST  |b LESVOS  |e 20050414  |h 333.95 BRO  |p 005100027877  |q 005100027877  |t BK  |y 0 
901 |a BIBL1-2005-1 
909 |a Λ  |b 116699 
922 |a 1ΕΛΗ  |b 200411  |c ΕΠΕΑΕΚ2/ΤΠ  |d ΜΙΧΑΛΟΠΟΥΛΟΣ 
950 |a 107-2004-10-18 
970 |a ΚΑΡΑ  |b ΓΙΑΣΕΜΗ  |z 2005/04/15